00425nam a2200133 i 4500001000300000100002000003245006900023260002100092650002300113040000800136041000800144008004100152856009800193bg1 aROSSET, Edward. 0aDemografia Polski.nCz. 2,pReprodukcja ludności /cE. Rosset. aWarszawa,c1975. 9aDemografiazPolska cBPK apol s pl f |000 0 pol  uhttp://koha.tu.koszalin.pl/cgi-bin/koha/opac-detail.pl?biblionumber=23462yKatalog online BPK